000
00266nam a2200109Ia 4500
001
1263277
005
20260417141902.0
008
260417s9999 xx 000 0 und d
020
_a
9789752894662
245
0
_a
El Kızı
_c
Orhan Kemal
260
_b
Everest Yayınları
999
_c
1263277
_d
1263277